Stan USA z rozsypanki - Statystyki

Ogólne statystyki
  • Ten quiz został rozwiązany 31 razy
  • Średni wynik to 13 z 18
Statystyki odpowiedzi
Litery Stan % Poprawnych
H J E W A A Hawaje
100%
K A S N S A Kansas
100%
A B A A L M A Alabama
93%
I O A H D Idaho
93%
O K L R A D O O Kolorado
90%
N A L J A I Z U Luizjana
87%
M E I N A Maine
83%
I A G G O R E Georgia
77%
L A O M A H O K Oklahoma
77%
K K Y U C N T E Kentucky
73%
O U I S S R I M Missouri
73%
A S A N S R A K Arkansas
70%
N W S Y N T O G Z A Waszyngton
67%
D R E W A E A L Delaware
57%
M N D L A A Y R Maryland
53%
S K A N B R A E Nebraska
50%
G W I N O M Y Wyoming
50%
S O T M N A E I N Minnesota
47%
Nie znaleziono quizów pasujących do podanych kryteriów
Rozkład punktacji
Procent ludzi z każdym wynikiem
Percentyl według liczby udzielonych odpowiedzi
Twoja historia wyników
Nie rozwiązałeś tego quizu